000206833 001__ 206833
000206833 005__ 20200923173050.0
000206833 0247_ $$2I:(DE-Juel1)JSC-20090406$$aG:(DE-Juel1)jara0167_20170501
000206833 035__ $$aG:(DE-Juel1)jara0167_20170501
000206833 150__ $$aDevelopment of a Composition-Structure-Property-Map for the Exam- ples of Ternary, Te-rich Telluride$$y2017-05-01 - 2019-04-30
000206833 371__ $$aSteinberg, Simon$$bAachen$$cInstitute of Inorganic Chemistry$$dGermany$$e52056
000206833 372__ $$aDevelopment of a Composition-Structure-Property-Map for the Exam- ples of Ternary, Te-rich Telluride$$s2017-05-01$$t2019-04-30
000206833 5101_ $$aVSR/JARA$$wt
000206833 550__ $$0G:(DE-Juel1)jara0167_20190501$$aDevelopment of a Composition-Structure-Property-Map for the Exam- ples of Ternary, Te-rich Telluride$$wb
000206833 680__ $$aJSC computation time grant
000206833 681__ $$aChemie
000206833 909CO $$ooai:juser.fz-juelich.de:837762$$pauthority$$pauthority:GRANT
000206833 909CO $$ooai:juser.fz-juelich.de:837762
000206833 980__ $$aG
000206833 980__ $$aAUTHORITY